| 000 | 00498nam a2200217Ia 4500 | ||
|---|---|---|---|
| 005 | 20250425161145.0 | ||
| 008 | 250425s9999 xx 000 0 und d | ||
| 041 | _aspa | ||
| 082 | _a551.1 | ||
| 100 | _aAA, S | ||
| 245 | 0 | _aGEOGRAFIA FISICA | |
| 250 | _a1A ED. | ||
| 260 |
_aEcuador _bESPOL _c1985 |
||
| 260 | _aGUAYAQUIL | ||
| 300 | _a664 | ||
| 650 | _aATMOSFERA | ||
| 650 | _aGEOGRAFIA FISICA | ||
| 710 | _aESCUELA SUPERIOR PLITECNICA DEL LITORAL | ||
| 942 | _c01 | ||
| 010 | _a13949 | ||
| 999 |
_c203538 _d203538 |
||